Statistics for Top 100 Best Shooters in the NBA in 2020

Click here to take the quiz!

General Stats

  • This quiz has been taken 46 times
  • The average score is 55 of 100

Answer Stats

TeamAnswer% Correct
WarriorsStephen Curry
100%
WarriorsKlay Thompson
97%
Trail BlazersDamian Lillard
78%
LakersDanny Green
75%
WarriorsDraymond Green
75%
NetsKyrie Irving
75%
LakersLeBron James
75%
RocketsJames Harden
72%
JazzDonovan Mitchell
69%
NuggetsGary Harris
69%
BucksGiannis Antetokounmpo
69%
NetsJoe Harris
69%
BullsThaddeus Young
69%
76ersTobias Harris
69%
HawksTrae Young
69%
ThunderChris Paul
67%
HeatJimmy Butler
67%
76ersJoel Embiid
67%
PelicansJrue Holiday
67%
TimberwolvesKarl-Anthony Towns
67%
ClippersKawhi Leonard
67%
BucksKhris Middleton
67%
MavericksLuka Doncic
67%
NuggetsNikola Jokic
67%
ClippersPaul George
67%
BullsZach LaVine
67%
LakersAnthony Davis
64%
Trail BlazersC.J. McCollum
64%
TimberwolvesD'Angelo Russell
64%
KingsDe'Aaron Fox
64%
SpursDejounte Murray
64%
SunsDevin Booker
64%
NuggetsJamal Murray
64%
CelticsJaylen Brown
64%
RaptorsKyle Lowry
64%
RocketsRussell Westbrook
64%
PacersVictor Oladipo
64%
76ersBen Simmons
61%
WizardsBradley Beal
61%
NetsJarrett Allen
61%
CelticsJayson Tatum
61%
JazzRudy Gobert
61%
MagicAaron Gordon
58%
JazzBojan Bogdanovic
58%
KingsBuddy Hield
58%
RocketsEric Gordon
58%
HawksJohn Collins
58%
MavericksKristaps Porzingis
58%
SpursLaMarcus Aldridge
58%
ClippersLou Williams
58%
JazzMike Conley
58%
RaptorsPascal Siakam
58%
ThunderSteven Adams
58%
WarriorsAndrew Wiggins
56%
BucksBrook Lopez
56%
SpursDeMar DeRozan
56%
SpursDerrick White
56%
BucksEric Bledsoe
56%
CelticsKemba Walker
56%
CavaliersKevin Love
56%
PistonsBlake Griffin
53%
PelicansBrandon Ingram
53%
PelicansJ.J. Redick
53%
RaptorsMarc Gasol
53%
PacersMyles Turner
53%
NetsCaris LeVert
50%
GrizzliesJaren Jackson, Jr.
50%
JazzJoe Ingles
50%
HeatBam Adebayo
47%
HawksClint Capela
47%
NetsDeAndre Jordan
47%
CelticsGordon Hayward
47%
KnicksJulius Randle
47%
ClippersMontrezl Harrell
47%
RocketsP.J. Tucker
47%
RaptorsSerge Ibaka
47%
NetsSpencer Dinwiddie
47%
76ersAl Horford
44%
ThunderDanilo Gallinari
44%
BullsLauri Markkanen
44%
PacersMalcolm Brogdon
44%
HeatAndre Iguodala
42%
Trail BlazersJusuf Nurkic
42%
LakersKyle Kuzma
42%
CelticsMarcus Smart
42%
BullsOtto Porter, Jr.
42%
CavaliersAndre Drummond
39%
GrizzliesJonas Valanciunas
39%
76ersJosh Richardson
39%
SunsRicky Rubio
39%
RocketsRobert Covington
39%
KingsHarrison Barnes
33%
NuggetsPaul Millsap
33%
MagicTerrence Ross
33%
PelicansDerrick Favors
31%
MagicAl-Farouq Aminu
14%
HawksJeff Teague
6%
PacersDamontas Sabonis
0%
MagicNikola Vuecvic
0%
ClippersPatrick Beverly
0%

Score Distribution

Percentile by Number Answered

Percent of People with Each Score

Your Score History

You have not taken this quiz